000 00587nam a2200217 i 4500
001 C2-0230473
003 PPAK
005 20180728083535.0
008 001029s1982 my |||| ||||| | may d
040 _aPPAK
_beng
_cPPAK
_erda
082 0 4 _a395.5
_223
090 0 0 _a395.5
_bKUR
_dKAA
245 0 0 _aKursus jangka pendek Penyeliaan Sekolah
264 1 _aSelangor :
_b[publisher not identified] ,
_c1982
300 _aJil. ;
_c30 cm
336 _2rdacontent
_atext
337 _2rdamedia
_aunmediated
338 _2rdacarrier
_avolume
650 1 0 _aSchool evaluation
942 _ddc
_cB
999 _c150088
_d150088